[Event "Liga Madrileña - DH 2011-2012"]
[Site "Madrid ESP"]
[Date "2012.01.15"]
[Round "6.12"]
[White "Moreno Tejera, Emilio"]
[Black "Gallego Jimenez, Victoriano"]
[Result "1-0"]
[WhiteElo "2319"]
[BlackElo "2390"]
[PlyCount "46"]
[EventDate "2011.11.13"]
[EventType "team"]
[EventRounds "14"]
[EventCountry "ESP"]
[Source "lmi"]
[SourceDate "2011.11.13"]
[WhiteTeam "64 Villalba"]
[BlackTeam "La Casa del Ajedrez"]
[WhiteTeamCountry "ESP"]
[BlackTeamCountry "ESP"]

1. e4 e6 2. d4 d5 3. Nc3 Bb4 4. e5 c5 5. a3 Bxc3+ 6. bxc3 Ne7 7. Qg4 O-O 8. Bd3
Qa5 9. Bd2 Nbc6 10. Nf3 f5 11. exf6 Rxf6 12. Qh5 Nf5 13. g4 c4 14. gxf5 cxd3
15. Rg1 Bd7 16. Qg5 Rf7 17. f6 Qd8 18. Ne5 Nxe5 19. dxe5 dxc2 20. Be3 Be8 21.
Qh6 Qc7 22. Bd4 Rd7 23. fxg7 Qc6 1-0

[Event "Liga Madrileña - DH 2011-2012"]
[Site "Madrid ESP"]
[Date "2012.01.15"]
[Round "6.13"]
[White "Bass, Leonid"]
[Black "Renteria Becerra, Jorge Elicer"]
[Result "1-0"]
[WhiteElo "2410"]
[BlackElo "2328"]
[PlyCount "73"]
[EventDate "2011.11.13"]
[EventType "team"]
[EventRounds "14"]
[EventCountry "ESP"]
[Source "lmi"]
[SourceDate "2011.11.13"]
[WhiteTeam "La Casa del Ajedrez"]
[BlackTeam "64 Villalba"]
[WhiteTeamCountry "ESP"]
[BlackTeamCountry "ESP"]

1. d4 Nf6 2. c4 c5 3. d5 b5 4. cxb5 a6 5. bxa6 g6 6. Nc3 Bxa6 7. g3 d6 8. Bg2
Bg7 9. Nf3 O-O 10. O-O Nbd7 11. Rb1 Qa5 12. Bd2 Rfb8 13. a4 Ng4 14. Qc2 Qb6 15.
b3 Bb7 16. h3 Ngf6 17. e4 Ne8 18. Rfe1 Qd8 19. Bf4 Nb6 20. Nd2 Nc7 21. Nc4 Bc8
22. Qd2 Nxc4 23. bxc4 Rb4 24. e5 Rxc4 25. Nb5 Ne8 26. Qe2 Rcxa4 27. exd6 Nxd6
28. Nxd6 exd6 29. Qe8+ Qxe8 30. Rxe8+ Bf8 31. Bxd6 Bf5 32. Rbb8 Rxb8 33. Rxb8
c4 34. Bxf8 h5 35. Bb4+ Kh7 36. Bc3 g5 37. Rb4 1-0

[Event "Liga Madrileña - DH 2011-2012"]
[Site "Madrid ESP"]
[Date "2012.01.15"]
[Round "6.14"]
[White "Bolado Saez, Sergio"]
[Black "Rojo Huerta, Gabriel"]
[Result "1-0"]
[WhiteElo "2361"]
[BlackElo "2355"]
[PlyCount "65"]
[EventDate "2011.11.13"]
[EventType "team"]
[EventRounds "14"]
[EventCountry "ESP"]
[Source "lmi"]
[SourceDate "2011.11.13"]
[WhiteTeam "64 Villalba"]
[BlackTeam "La Casa del Ajedrez"]
[WhiteTeamCountry "ESP"]
[BlackTeamCountry "ESP"]

1. d4 Nf6 2. c4 g6 3. Nc3 d5 4. cxd5 Nxd5 5. e4 Nxc3 6. bxc3 Bg7 7. Bc4 O-O 8.
Ne2 Nc6 9. Bg5 b6 10. Qd2 Bb7 11. h4 Na5 12. Bd3 Qd7 13. h5 e5 14. hxg6 fxg6
15. dxe5 Qg4 16. f4 Qxg2 17. O-O-O Qf2 18. Be7 Rfe8 19. Rdf1 Qg2 20. Bg5 Qg4
21. Rh4 Qe6 22. Nd4 Qd7 23. Rfh1 h5 24. e6 Qa4 25. f5 Bxd4 26. cxd4 Qxd4 27.
Qc2 Nc6 28. e7 Ne5 29. Qb3+ Kg7 30. Bc2 Nc4 31. Rd1 Qa1+ 32. Bb1 Nd6 33. Bd2
1-0

[Event "Liga Madrileña - DH 2011-2012"]
[Site "Madrid ESP"]
[Date "2012.01.15"]
[Round "6.15"]
[White "Elguezabal Varela, Daniel"]
[Black "Gongora Montes, Benjamin"]
[Result "0-1"]
[WhiteElo "2352"]
[BlackElo "2217"]
[PlyCount "98"]
[EventDate "2011.11.13"]
[EventType "team"]
[EventRounds "14"]
[EventCountry "ESP"]
[Source "lmi"]
[SourceDate "2011.11.13"]
[WhiteTeam "La Casa del Ajedrez"]
[BlackTeam "64 Villalba"]
[WhiteTeamCountry "ESP"]
[BlackTeamCountry "ESP"]

1. d4 Nf6 2. Nf3 g6 3. c4 Bg7 4. g3 O-O 5. Bg2 d6 6. O-O Nc6 7. Nc3 Bf5 8. d5
Na5 9. Nd2 c5 10. e4 Bg4 11. Qc2 a6 12. Re1 Rb8 13. a4 Qc8 14. b3 Bh3 15. Bb2
Qg4 16. e5 Nh5 17. f3 Qd7 18. e6 Bd4+ 19. Kh1 Bxg2+ 20. Kxg2 fxe6 21. Rxe6 Rbe8
22. Rae1 Ng7 23. R6e4 b6 24. Ne2 Bxb2 25. Qxb2 e5 26. Qc3 Nb7 27. f4 exf4 28.
Nxf4 Nd8 29. Nf3 Rxe4 30. Rxe4 Re8 31. Qe3 Rxe4 32. Qxe4 Nf7 33. Ne6 Qe8 34. g4
Nd8 35. Nfg5 Ndxe6 36. Nxe6 Nxe6 37. dxe6 Kf8 38. Kg3 Ke7 39. Qb7+ Kxe6 40.
Qxa6 Qb8 41. Kf3 Ke5 42. Qb5 Qf8+ 43. Kg2 Qa8+ 44. Kf2 Kf4 45. Qd7 Qf3+ 46. Ke1
Ke3 47. Qe7+ Qe4 48. Qg5+ Kf3+ 49. Kd1 Qd3+ 0-1

[Event "Liga Madrileña - DH 2011-2012"]
[Site "Madrid ESP"]
[Date "2012.01.15"]
[Round "6.16"]
[White "Bermejo Arruego, Luis"]
[Black "Suarez Uriel, Adrian"]
[Result "1/2-1/2"]
[WhiteElo "2171"]
[BlackElo "2238"]
[PlyCount "59"]
[EventDate "2011.11.13"]
[EventType "team"]
[EventRounds "14"]
[EventCountry "ESP"]
[Source "lmi"]
[SourceDate "2011.11.13"]
[WhiteTeam "64 Villalba"]
[BlackTeam "La Casa del Ajedrez"]
[WhiteTeamCountry "ESP"]
[BlackTeamCountry "ESP"]

1. e4 c5 2. Nf3 Nc6 3. d4 cxd4 4. Nxd4 g6 5. c4 Bg7 6. Be3 d6 7. Nc3 Nh6 8. Be2
O-O 9. O-O f5 10. exf5 Bxd4 11. Bxh6 Rxf5 12. Qd2 Qb6 13. Be3 Bxe3 14. fxe3
Rxf1+ 15. Rxf1 Be6 16. Nd5 Bxd5 17. Qxd5+ Kh8 18. Qd2 Qc5 19. b3 Kg7 20. Bf3
Rf8 21. Bxc6 Rxf1+ 22. Kxf1 bxc6 23. Qd4+ Qxd4 24. exd4 c5 25. Ke2 cxd4 26. b4
e5 27. b5 Kf7 28. a4 Ke6 29. a5 Kd7 30. Kd3 1/2-1/2

[Event "Liga Madrileña - DH 2011-2012"]
[Site "Madrid ESP"]
[Date "2012.01.15"]
[Round "6.21"]
[White "Arribas Lopez, Angel"]
[Black "Hernandez Gallardo, Francisco Javier"]
[Result "1/2-1/2"]
[WhiteElo "2487"]
[BlackElo "2369"]
[PlyCount "37"]
[EventDate "2011.11.13"]
[EventType "team"]
[EventRounds "14"]
[EventCountry "ESP"]
[Source "lmi"]
[SourceDate "2011.11.13"]
[WhiteTeam "Leganes"]
[BlackTeam "Moratalaz"]
[WhiteTeamCountry "ESP"]
[BlackTeamCountry "ESP"]

1. Nf3 Nf6 2. c4 e6 3. b3 d5 4. Bb2 Be7 5. e3 O-O 6. Be2 c5 7. O-O Nc6 8. d3 b6
9. Nbd2 Bb7 10. a3 Rc8 11. Rc1 Qd7 12. cxd5 Nxd5 13. Nc4 Rfd8 14. Nfe5 Nxe5 15.
Nxe5 Qe8 16. Bh5 g6 17. Bf3 Bf6 18. Qc2 Bg7 19. Nc4 1/2-1/2

[Event "Liga Madrileña - DH 2011-2012"]
[Site "Madrid ESP"]
[Date "2012.01.15"]
[Round "6.22"]
[White "Serrano Salvador, Eduardo"]
[Black "Prieto Martin, Alfonso"]
[Result "0-1"]
[WhiteElo "2364"]
[BlackElo "2158"]
[PlyCount "88"]
[EventDate "2011.11.13"]
[EventType "team"]
[EventRounds "14"]
[EventCountry "ESP"]
[Source "lmi"]
[SourceDate "2011.11.13"]
[WhiteTeam "Moratalaz"]
[BlackTeam "Leganes"]
[WhiteTeamCountry "ESP"]
[BlackTeamCountry "ESP"]

1. d4 e6 2. c4 Nf6 3. Nc3 Bb4 4. e3 O-O 5. Nge2 d5 6. a3 Be7 7. cxd5 exd5 8.
Ng3 Re8 9. Bd3 c6 10. O-O Bd6 11. Nf5 Bxf5 12. Bxf5 Ne4 13. Nxe4 dxe4 14. Qg4
g6 15. f3 h5 16. Qh3 gxf5 17. fxe4 Rxe4 18. Qxf5 Qe7 19. g3 h4 20. Qh5 Nd7 21.
Bd2 Nf8 22. Rf5 Ng6 23. Raf1 hxg3 24. hxg3 Rf8 25. Kg2 Kg7 26. d5 cxd5 27. Bc3+
Be5 28. Bb4 Bd6 29. Bc3+ d4 30. Bxd4+ Be5 31. Bxa7 b5 32. Bb6 Qb7 33. Qf3 f6
34. b3 Qc6 35. Bc5 Rc8 36. Rc1 Kf7 37. Kf2 Qd5 38. Rd1 Qxb3 39. Rd7+ Ke8 40.
Qxe4 Kxd7 41. Rh5 Rxc5 42. Qxg6 Rc2+ 43. Kf3 Qd5+ 44. Kg4 Qd1+ 0-1

[Event "Liga Madrileña - DH 2011-2012"]
[Site "Madrid ESP"]
[Date "2012.01.15"]
[Round "6.23"]
[White "Davicce Canada, Juan Antonio"]
[Black "Solaesa Navalpotro, Luis Julio"]
[Result "0-1"]
[WhiteElo "2095"]
[BlackElo "2270"]
[PlyCount "138"]
[EventDate "2011.11.13"]
[EventType "team"]
[EventRounds "14"]
[EventCountry "ESP"]
[Source "lmi"]
[SourceDate "2011.11.13"]
[WhiteTeam "Leganes"]
[BlackTeam "Moratalaz"]
[WhiteTeamCountry "ESP"]
[BlackTeamCountry "ESP"]

1. d4 Nf6 2. Nf3 e6 3. Bg5 c5 4. e3 cxd4 5. exd4 Be7 6. c3 b6 7. Bd3 Bb7 8.
Nbd2 d6 9. O-O Nbd7 10. Qe2 O-O 11. Rad1 Qc7 12. Rfe1 Rfe8 13. Ne4 Bc6 14. Rc1
Qb7 15. Ba6 Qc7 16. Bd3 Rab8 17. Nxf6+ Nxf6 18. Bb5 Bxb5 19. Qxb5 Qb7 20. Qd3
b5 21. Re2 Nd5 22. Bd2 Qa6 23. a3 Rec8 24. Ng5 Nf6 25. Ne4 Qb7 26. Nxf6+ Bxf6
27. Bf4 Qd5 28. Qe4 Qxe4 29. Rxe4 Rb6 30. Re2 d5 31. Rd1 a5 32. h3 Rc4 33. Be5
Be7 34. Rd3 Ra4 35. Rc2 Rc6 36. Re2 f6 37. Bf4 e5 38. Bg3 e4 39. Rdd2 Kf7 40.
Rc2 Rac4 41. Rcd2 Bd8 42. f3 f5 43. fxe4 fxe4 44. Be5 Bf6 45. Bxf6 gxf6 46. g4
b4 47. axb4 axb4 48. cxb4 Rxb4 49. Rd1 Rcc4 50. Red2 Kg6 51. Kg2 h5 52. gxh5+
Kxh5 53. Rf1 Rxd4 54. Rf5+ Kg6 55. Rxd5 Rxd5 56. Rxd5 Rxb2+ 57. Kg3 f5 58. Rd6+
Kh5 59. Rd5 Rb3+ 60. Kf4 Rf3+ 61. Ke5 Kh4 62. Rd1 Kxh3 63. Rg1 Kh2 64. Ra1 e3
65. Kd4 f4 66. Kd3 Rf2 67. Re1 Kg2 68. Ke4 e2 69. Kd3 f3 0-1

[Event "Liga Madrileña - DH 2011-2012"]
[Site "Madrid ESP"]
[Date "2012.01.17"]
[Round "6.24"]
[White "Rodriguez Yuste, Marcelo"]
[Black "Lopez de Turiso, Jose Angel"]
[Result "1/2-1/2"]
[WhiteElo "2234"]
[BlackElo "2065"]
[PlyCount "123"]
[EventDate "2011.11.13"]
[EventType "team"]
[EventRounds "14"]
[EventCountry "ESP"]
[Source "lmi"]
[SourceDate "2011.11.13"]
[WhiteTeam "Moratalaz"]
[BlackTeam "Leganes"]
[WhiteTeamCountry "ESP"]
[BlackTeamCountry "ESP"]

1. c4 c5 2. Nc3 Nc6 3. g3 g6 4. Bg2 Bg7 5. e4 e6 6. d3 Nge7 7. Nge2 d6 8. O-O
O-O 9. Be3 Nd4 10. Rb1 Rb8 11. a3 b6 12. f4 Bb7 13. g4 Nxe2+ 14. Nxe2 d5 15. e5
dxc4 16. dxc4 Qxd1 17. Rfxd1 Bxg2 18. Kxg2 Rbd8 19. g5 Nc6 20. Rbc1 Rxd1 21.
Rxd1 Rd8 22. Rxd8+ Nxd8 23. Kf3 Nc6 24. Ke4 h6 25. h4 h5 26. Bd2 Bf8 27. Nc1
Be7 28. Na2 Nd4 29. Be3 Nf5 30. Bf2 Kf8 31. Nc3 Bd8 32. Nb5 a6 33. Nc3 Ke8 34.
b4 cxb4 35. axb4 Kd7 36. b5 axb5 37. cxb5 Kc8 38. Kd3 Kb7 39. Kc4 Bc7 40. Ne4
Ne7 41. Nf6 Bd8 42. Kd3 Bc7 43. Ke4 Kc8 44. Be1 Kd8 45. Bf2 Nc8 46. Kd3 Ne7 47.
Be1 Nf5 48. Ng8 Ke8 49. Bf2 Ne7 50. Nf6+ Kd8 51. Be1 Nf5 52. Ke4 Ne7 53. Ke3
Nf5+ 54. Kd3 Ne7 55. Bb4 Nf5 56. Be1 Ne7 57. Bf2 Nf5 58. Ne4 Kc8 59. Kc4 Kd8
60. Kd3 Kc8 61. Nf6 Kd8 62. Ne4 1/2-1/2

[Event "Liga Madrileña - DH 2011-2012"]
[Site "Madrid ESP"]
[Date "2012.01.15"]
[Round "6.25"]
[White "Nunez Gutierrez, Juan Carlos"]
[Black "Ramirez Garcia, Jorge Alberto"]
[Result "0-1"]
[WhiteElo "2049"]
[BlackElo "2177"]
[PlyCount "94"]
[EventDate "2011.11.13"]
[EventType "team"]
[EventRounds "14"]
[EventCountry "ESP"]
[Source "lmi"]
[SourceDate "2011.11.13"]
[WhiteTeam "Leganes"]
[BlackTeam "Moratalaz"]
[WhiteTeamCountry "ESP"]
[BlackTeamCountry "ESP"]

1. e4 e6 2. d3 d5 3. Nd2 c5 4. Ngf3 Nc6 5. g3 Bd6 6. Bg2 Nge7 7. O-O O-O 8. Nh4
Rb8 9. f4 f6 10. f5 dxe4 11. Bxe4 exf5 12. Nxf5 Bxf5 13. Bxf5 Nxf5 14. Rxf5 Be5
15. Rf1 f5 16. Nf3 Bd6 17. Bf4 Bxf4 18. gxf4 Re8 19. Qd2 Nd4 20. Ne5 Qd5 21.
Qf2 Re6 22. c3 Nc6 23. Qf3 Rd8 24. Qxd5 Rxd5 25. Nxc6 bxc6 26. Rfe1 Rg6+ 27.
Kh1 Rxd3 28. Rad1 c4 29. Rxd3 cxd3 30. Re8+ Kf7 31. Rd8 Re6 32. Rxd3 Re1+ 33.
Kg2 Re2+ 34. Kg3 Ke7 35. b3 Rxa2 36. h3 a5 37. Kh4 Ra3 38. Kg5 Rxb3 39. Kxf5 a4
40. Ke5 a3 41. Rd4 Rb5+ 42. Ke4 Ra5 43. Rd1 a2 44. Ra1 Kf6 45. c4 g6 46. h4 h5
47. c5 Ra3 0-1

[Event "Liga Madrileña - DH 2011-2012"]
[Site "Madrid ESP"]
[Date "2012.01.15"]
[Round "6.26"]
[White "Mansilla Tolosa, Luis"]
[Black "Pedrajas Estepa, Manuel"]
[Result "0-1"]
[WhiteElo "2070"]
[BlackElo "2044"]
[PlyCount "132"]
[EventDate "2011.11.13"]
[EventType "team"]
[EventRounds "14"]
[EventCountry "ESP"]
[Source "lmi"]
[SourceDate "2011.11.13"]
[WhiteTeam "Moratalaz"]
[BlackTeam "Leganes"]
[WhiteTeamCountry "ESP"]
[BlackTeamCountry "ESP"]

1. d4 Nf6 2. c4 g6 3. Nc3 d5 4. g3 Bg7 5. Bg2 c6 6. cxd5 cxd5 7. Qa4+ Nc6 8.
Nf3 O-O 9. O-O h6 10. Rd1 a6 11. b4 Bf5 12. Bb2 b5 13. Qb3 Qb6 14. Nxd5 Nxd5
15. Qxd5 Nxb4 16. Qb3 a5 17. Ne1 Rac8 18. e4 Bg4 19. Rd2 Nc6 20. h3 a4 21. Qe3
Bd7 22. a3 Na5 23. Rd3 Nc4 24. Qe2 Nxb2 25. Qxb2 Be6 26. Nc2 Rfd8 27. Rc1 Bxd4
28. Nxd4 Rxc1+ 29. Qxc1 Rxd4 30. Qe3 Rd6 31. Qxb6 Rxb6 32. e5 Kg7 33. Be4 Bxh3
34. Rd4 Be6 35. Bd3 b4 36. axb4 a3 37. b5 Bb3 38. Rd7 Ba4 39. Ra7 Bxb5 40. Rxa3
Bxd3 41. Rxd3 g5 42. f3 Rb2 43. Rd7 e6 44. Rd4 Kg6 45. Rd8 Re2 46. f4 gxf4 47.
gxf4 Re4 48. Rg8+ Kf5 49. Rg7 Rxf4 50. Rxf7+ Kxe5 51. Rh7 Rf6 52. Kg2 Kf4 53.
Kf2 h5 54. Kg2 Rf5 55. Kf2 e5 56. Rh8 Kg4+ 57. Kg2 Rg5 58. Rf8 e4 59. Re8 Kf4+
60. Kf2 h4 61. Rf8+ Rf5 62. Rh8 Kg4+ 63. Ke3 h3 64. Kxe4 Rg5 65. Ra8 h2 66. Ra1
Rh5 0-1

[Event "Liga Madrileña - DH 2011-2012"]
[Site "Madrid ESP"]
[Date "2012.01.15"]
[Round "6.31"]
[White "Granda Zuniga, Julio E"]
[Black "Alcazar Jimenez, Victor Manuel"]
[Result "1-0"]
[WhiteElo "2636"]
[BlackElo "2379"]
[PlyCount "135"]
[EventDate "2011.11.13"]
[EventType "team"]
[EventRounds "14"]
[EventCountry "ESP"]
[Source "lmi"]
[SourceDate "2011.11.13"]
[WhiteTeam "Collado Villalba"]
[BlackTeam "Blanco y Negro"]
[WhiteTeamCountry "ESP"]
[BlackTeamCountry "ESP"]

1. d4 Nf6 2. Nf3 g6 3. b4 Bg7 4. e3 O-O 5. Be2 d6 6. O-O e5 7. Bb2 e4 8. Nfd2
Re8 9. c4 Nbd7 10. Nc3 Nf8 11. Qb3 h5 12. Rae1 N8h7 13. Nd5 Nxd5 14. cxd5 Qg5
15. f3 exf3 16. Bxf3 Nf6 17. Re2 Bg4 18. e4 Bd7 19. Nc4 Ng4 20. h3 Bb5 21. a4
Bd7 22. b5 Nh6 23. Kh1 Re7 24. Qc3 Rae8 25. Qe1 h4 26. Qd1 Rf8 27. Bc1 Qg3 28.
Re3 Ree8 29. Rd3 Bxh3 30. gxh3 Qxh3+ 31. Kg1 Bxd4+ 32. Rxd4 Qg3+ 33. Bg2 h3 34.
Qf3 Qxg2+ 35. Qxg2 hxg2 36. Bxh6 gxf1=Q+ 37. Kxf1 f5 38. Bxf8 Kxf8 39. exf5
gxf5 40. Na5 b6 41. Nc6 Kg7 42. Nxa7 Kf6 43. Kf2 Rh8 44. Nc6 Rh3 45. Nb4 Rc3
46. Nd3 Kg5 47. Ke2 Rc2+ 48. Ke3 Kf6 49. Nb4 Rc1 50. Kd2 Ra1 51. Nd3 Rh1 52.
Rc4 Rh7 53. Kc3 Rg7 54. Rh4 Rg4 55. Rh7 Rxa4 56. Rxc7 f4 57. Rc6 Kf5 58. Rxb6
Ke4 59. Nxf4 Kxf4 60. Rxd6 Ke5 61. Rd7 Ra8 62. b6 Rc8+ 63. Kb4 Kd4 64. b7 Rc1
65. Kb5 Rb1+ 66. Kc6 Rc1+ 67. Kd6 Rb1 68. Kc7 1-0

[Event "Liga Madrileña - DH 2011-2012"]
[Site "Madrid ESP"]
[Date "2012.01.15"]
[Round "6.33"]
[White "Moreno Ruiz, Javier"]
[Black "Alarcia Astiz, Carlos"]
[Result "1-0"]
[WhiteElo "2513"]
[BlackElo "2313"]
[PlyCount "53"]
[EventDate "2011.11.13"]
[EventType "team"]
[EventRounds "14"]
[EventCountry "ESP"]
[Source "lmi"]
[SourceDate "2011.11.13"]
[WhiteTeam "Collado Villalba"]
[BlackTeam "Blanco y Negro"]
[WhiteTeamCountry "ESP"]
[BlackTeamCountry "ESP"]

1. d4 Nf6 2. c4 e6 3. Nc3 c5 4. d5 d6 5. e4 exd5 6. cxd5 g6 7. f4 Qe7 8. Nf3 a6
9. e5 Bg7 10. Be2 Nfd7 11. O-O O-O 12. Ng5 dxe5 13. d6 Qd8 14. Bc4 Nb6 15.
Bxf7+ Rxf7 16. Nxf7 Kxf7 17. fxe5+ Kg8 18. Nd5 Bxe5 19. Ne7+ Kg7 20. Qd2 Bf6
21. Qh6+ Kf7 22. Qxh7+ Ke6 23. Rxf6+ Kxf6 24. Qxg6+ Ke5 25. Bf4+ Kxf4 26. Qg3+
Ke4 27. Re1+ 1-0

[Event "Liga Madrileña - DH 2011-2012"]
[Site "Madrid ESP"]
[Date "2012.01.15"]
[Round "6.34"]
[White "Alcazar Jimenez, Jesus Alberto"]
[Black "Cao Armillas, Jesus"]
[Result "1/2-1/2"]
[WhiteElo "2252"]
[BlackElo "2174"]
[PlyCount "67"]
[EventDate "2011.11.13"]
[EventType "team"]
[EventRounds "14"]
[EventCountry "ESP"]
[Source "lmi"]
[SourceDate "2011.11.13"]
[WhiteTeam "Blanco y Negro"]
[BlackTeam "Collado Villalba"]
[WhiteTeamCountry "ESP"]
[BlackTeamCountry "ESP"]

1. d4 Nf6 2. Bg5 e6 3. e4 h6 4. Bxf6 Qxf6 5. Nc3 b6 6. e5 Qd8 7. Qf3 Nc6 8.
O-O-O Bb7 9. h4 Qe7 10. Qe3 O-O-O 11. a3 d6 12. exd6 Qxd6 13. Nf3 g6 14. Bc4
Bg7 15. Nb5 Qe7 16. Rhe1 Rhe8 17. d5 Qf6 18. Nc3 exd5 19. Qxe8 Rxe8 20. Rxe8+
Kd7 21. Re4 Ne7 22. Rdd4 Qxd4 23. Rxd4 Bxd4 24. Bb5+ c6 25. Nxd4 cxb5 26. Ncxb5
a6 27. Nc3 Kd6 28. g3 Ke5 29. Nf3+ Kd6 30. Kd2 Bc8 31. Nd4 Bd7 32. Nce2 g5 33.
hxg5 hxg5 34. Ke3 1/2-1/2

[Event "Liga Madrileña - DH 2011-2012"]
[Site "Madrid ESP"]
[Date "2012.01.15"]
[Round "6.36"]
[White "Garrido Olivares, Ricardo"]
[Black "Cepeda Delgado, Camilo"]
[Result "1-0"]
[WhiteElo "2216"]
[BlackElo "2192"]
[PlyCount "117"]
[EventDate "2011.11.13"]
[EventType "team"]
[EventRounds "14"]
[EventCountry "ESP"]
[Source "lmi"]
[SourceDate "2011.11.13"]
[WhiteTeam "Blanco y Negro"]
[BlackTeam "Collado Villalba"]
[WhiteTeamCountry "ESP"]
[BlackTeamCountry "ESP"]

1. Nf3 e6 2. c4 b6 3. e4 Bb7 4. Nc3 d5 5. cxd5 exd5 6. Nxd5 Bxd5 7. exd5 Nf6 8.
Bb5+ Nbd7 9. O-O Be7 10. Ne5 Bd6 11. Nc6 Qc8 12. Re1+ Kf8 13. Qf3 a6 14. Bf1 b5
15. g3 Nb6 16. Bg2 Qg4 17. Qxg4 Nxg4 18. b3 Nf6 19. Bb2 Nfxd5 20. Nd4 f6 21.
Nf5 Kf7 22. Nxd6+ cxd6 23. Rac1 Rac8 24. Bh3 Rxc1 25. Rxc1 Rb8 26. Bd4 a5 27.
Rc6 Ke7 28. Bf1 b4 29. f4 a4 30. Kf2 axb3 31. axb3 g6 32. Kf3 f5 33. h3 Nd7 34.
Bc4 N5b6 35. Bd3 Nd5 36. Ra6 Rb7 37. g4 fxg4+ 38. hxg4 Nc5 39. Bxc5 dxc5 40. f5
g5 41. Re6+ Kf8 42. Be4 Rd7 43. Rc6 Nf4 44. Ke3 Nd5+ 45. Kf3 Nf4 46. Rxc5 Rxd2
47. Rc4 Rb2 48. Rxb4 h5 49. gxh5 Nxh5 50. Bd5 Ke7 51. Bc4 Kf6 52. Kg4 Nf4 53.
Rb6+ Kg7 54. Kxg5 Nh3+ 55. Kg4 Nf2+ 56. Kf4 Nh3+ 57. Ke5 Rb1 58. f6+ Kh6 59.
f7+ 1-0

[Event "Liga Madrileña - DH 2011-2012"]
[Site "Madrid ESP"]
[Date "2012.01.15"]
[Round "6.41"]
[White "Valles Moreno, Ivan"]
[Black "Anton Guijarro, David"]
[Result "0-1"]
[WhiteElo "2391"]
[BlackElo "2469"]
[PlyCount "112"]
[EventDate "2011.11.13"]
[EventType "team"]
[EventRounds "14"]
[EventCountry "ESP"]
[Source "lmi"]
[SourceDate "2011.11.13"]
[WhiteTeam "Amigos del Retiro"]
[BlackTeam "Virgen de Atocha"]
[WhiteTeamCountry "ESP"]
[BlackTeamCountry "ESP"]

1. d4 Nf6 2. c4 g6 3. Nc3 Bg7 4. e4 d6 5. h3 O-O 6. Nf3 c6 7. Bg5 a6 8. Bd3 b5
9. O-O h6 10. Be3 bxc4 11. Bxc4 d5 12. exd5 cxd5 13. Bd3 Nbd7 14. Qd2 Kh7 15.
Rfe1 Bb7 16. Bf4 Rc8 17. Re2 Nb6 18. b3 Nbd7 19. Rc1 e6 20. Qe1 Re8 21. Qf1 Qa5
22. Rec2 Ne4 23. Na4 Rxc2 24. Rxc2 Rc8 25. Rxc8 Bxc8 26. Qc1 Bb7 27. a3 Qd8 28.
b4 g5 29. Qc7 Qxc7 30. Bxc7 Kg8 31. b5 axb5 32. Bxb5 Bc8 33. Ne5 Nxe5 34. dxe5
Bf8 35. f3 Nc5 36. Bd6 Nxa4 37. Bxa4 f6 38. Bxf8 Kxf8 39. exf6 Kf7 40. Kf2 Kxf6
41. Bb5 e5 42. a4 Ke7 43. a5 Kd6 44. a6 Kc5 45. a7 Bb7 46. Ba6 Kb6 47. Bxb7
Kxb7 48. g3 Kxa7 49. f4 exf4 50. gxf4 gxf4 51. Kf3 Kb6 52. Kxf4 Kc5 53. Ke3 Kc4
54. h4 Kc3 55. Ke2 d4 56. Kd1 h5 0-1

[Event "Liga Madrileña - DH 2011-2012"]
[Site "Madrid ESP"]
[Date "2012.01.15"]
[Round "6.42"]
[White "Almagro Llamas, Pablo"]
[Black "Vallejo Diaz, Javier"]
[Result "0-1"]
[WhiteElo "2461"]
[BlackElo "2367"]
[PlyCount "40"]
[EventDate "2011.11.13"]
[EventType "team"]
[EventRounds "14"]
[EventCountry "ESP"]
[Source "lmi"]
[SourceDate "2011.11.13"]
[WhiteTeam "Virgen de Atocha"]
[BlackTeam "Amigos del Retiro"]
[WhiteTeamCountry "ESP"]
[BlackTeamCountry "ESP"]

1. d4 d5 2. Nf3 Nf6 3. c4 c6 4. Nc3 dxc4 5. a4 Bf5 6. Ne5 Nbd7 7. Nxc4 Nd5 8.
g3 e5 9. dxe5 Nb4 10. e4 Be6 11. f4 Nc5 12. Qxd8+ Rxd8 13. Ne3 Nb3 14. Rb1 Bc5
15. Nf5 Nc2+ 16. Ke2 O-O 17. Kf3 g6 18. Nd6 Nbd4+ 19. Kf2 Nf5+ 20. Kg2 Nxd6 0-1

[Event "Liga Madrileña - DH 2011-2012"]
[Site "Madrid ESP"]
[Date "2012.01.15"]
[Round "6.43"]
[White "Garcia Cuenca, Victor Manuel"]
[Black "Rubio Mejia, Luis Ignacio"]
[Result "1-0"]
[WhiteElo "2337"]
[BlackElo "2439"]
[PlyCount "105"]
[EventDate "2011.11.13"]
[EventType "team"]
[EventRounds "14"]
[EventCountry "ESP"]
[Source "lmi"]
[SourceDate "2011.11.13"]
[WhiteTeam "Amigos del Retiro"]
[BlackTeam "Virgen de Atocha"]
[WhiteTeamCountry "ESP"]
[BlackTeamCountry "ESP"]

1. d4 Nf6 2. c4 e6 3. Nc3 Bb4 4. e3 b6 5. Bd3 Bb7 6. Nf3 Ne4 7. Qc2 f5 8. O-O
Bxc3 9. bxc3 O-O 10. a4 Nc6 11. Ne1 Nf6 12. Ba3 d6 13. Rb1 Qe7 14. c5 Rac8 15.
f4 Rfd8 16. Nf3 h6 17. Rfe1 Qf7 18. c4 dxc5 19. dxc5 Ba8 20. Rbd1 Qe8 21. Qc3
Na5 22. Ne5 Ne4 23. Bxe4 Bxe4 24. Bb2 Rxd1 25. Rxd1 Rd8 26. Ra1 Qe7 27. cxb6
cxb6 28. h3 Kh7 29. Kh2 Nb7 30. a5 Nxa5 31. Rg1 Nb7 32. g4 Rg8 33. g5 g6 34.
Rd1 Nc5 35. Ba3 Rd8 36. Rxd8 Qxd8 37. Nf7 Qe8 38. Bb2 e5 39. Nxe5 Na4 40. Qd4
Nxb2 41. Nd7 Qe7 42. Nf6+ Kh8 43. Nxe4+ Kg8 44. Nf6+ Kf7 45. Qxb2 hxg5 46. Nd5
Qd6 47. Qh8 gxf4 48. exf4 a5 49. Qh7+ Kf8 50. Qb7 Qe6 51. Qxb6 Qe2+ 52. Kg3
Qd3+ 53. Kh4 1-0

[Event "Liga Madrileña - DH 2011-2012"]
[Site "Madrid ESP"]
[Date "2012.01.15"]
[Round "6.44"]
[White "Martinez Martin, David"]
[Black "Fernandez Garcia, Miguel Angel"]
[Result "0-1"]
[WhiteElo "2395"]
[BlackElo "2318"]
[PlyCount "82"]
[EventDate "2011.11.13"]
[EventType "team"]
[EventRounds "14"]
[EventCountry "ESP"]
[Source "lmi"]
[SourceDate "2011.11.13"]
[WhiteTeam "Virgen de Atocha"]
[BlackTeam "Amigos del Retiro"]
[WhiteTeamCountry "ESP"]
[BlackTeamCountry "ESP"]

1. d4 Nf6 2. Nf3 e6 3. e3 b6 4. Bd3 Bb7 5. O-O d5 6. c4 Bd6 7. Nc3 O-O 8. Qc2
Nc6 9. a3 dxc4 10. Bxc4 e5 11. d5 Ne7 12. e4 Ng6 13. Ne2 Nh5 14. Bg5 Qe8 15. g4
Nhf4 16. Bxf4 exf4 17. Kh1 Bc8 18. Rg1 Ne5 19. Nxe5 Qxe5 20. f3 h5 21. h3 Bd7
22. Qc3 hxg4 23. hxg4 Qg5 24. Rg2 Be5 25. Qd2 g6 26. Kg1 Kg7 27. Kf1 Rh8 28.
Ng1 Rh1 29. Re1 Qf6 30. Rd1 Rah8 31. Qf2 a5 32. Rd2 Bd6 33. Qd4 Be5 34. Qf2 Qd6
35. Ke2 b5 36. Bd3 b4 37. Rc2 bxa3 38. bxa3 Qxa3 39. Qc5 Qxc5 40. Rxc5 a4 41.
Ra5 Bd4 0-1

[Event "Liga Madrileña - DH 2011-2012"]
[Site "Madrid ESP"]
[Date "2012.01.15"]
[Round "6.45"]
[White "Perez Gonzalez, Jose Manuel"]
[Black "Rabadan Velasco, Raul"]
[Result "1/2-1/2"]
[WhiteElo "2304"]
[BlackElo "2353"]
[PlyCount "36"]
[EventDate "2011.11.13"]
[EventType "team"]
[EventRounds "14"]
[EventCountry "ESP"]
[Source "lmi"]
[SourceDate "2011.11.13"]
[WhiteTeam "Amigos del Retiro"]
[BlackTeam "Virgen de Atocha"]
[WhiteTeamCountry "ESP"]
[BlackTeamCountry "ESP"]

1. e4 d5 2. exd5 Qxd5 3. Nc3 Qd6 4. d4 Nf6 5. Nf3 a6 6. g3 Bg4 7. Bg2 Nc6 8.
Be3 O-O-O 9. h3 Bh5 10. O-O Qb4 11. a3 Qxb2 12. Qd2 Bg6 13. Ra2 Qb6 14. Rb1 Qa5
15. Ne5 Nxe5 16. Bxb7+ Kb8 17. Bg2+ Kc8 18. Bb7+ Kb8 1/2-1/2